000 00710cam a2200241 4500
001 sa 68018206
003 DLC
005 20260227112709.0
008 711013s1967 ce ab 00010 eng
010 _asa 68018206 //r90
025 _aPL480:C-313
040 _aDLC
_cDLC
_dDLC
_dICU
043 _aa-ce---
050 0 0 _aQE452.C4
_bG85
100 1 0 _aGunaratne, H. S.,
_d1932-
245 1 0 _aRocks and minerals of Ceylon,
_cby H. S. Gunaratne.
260 0 _a[Colombo]
_bDept. of National Museums, Ceylon,
_c1967.
300 _a58 p.
_billus., maps.
_c22 cm.
350 _a6.10
440 0 _aCeylon National Museums handbook series ;
_v1
650 0 _aPetrology
_zSri Lanka.
650 0 _aMineralogy
_zSri Lanka.
999 _c88237
_d88237